00927nam a2200253Ia 4500001000700000003000500007005001700012008004100029010001100070040000900081100002800090245010600118260003300224300000700257502018300264650001900447650002500466650001600491650001500507650002100522700004400543700004000587700004600627Z_7056CHAP20230123193447.0220113s2017 xx 000 0 und d a170329 cCHAP aSalazar Abaroa, Juan A. aUtilización de diferentes antibióticos en dietas para pollos de engorda /cJuan A. Salazar Abarca aMéxico :bEl autor,c2017 aCD aTesis (Ingeniero Agrónomo Especialista en Zootecnia) -- UACh, 2017 \ Dirección: Mariano J. González A.; asesoría: Fernando Velasco Nuñez y Arturo Martínez Hernández aAntibióticos aConsumo de alimentos aCrecimiento aMortalidad aPollo de engorda a Martínez Hernández, Arturo, asesor a Velasco Nuñez, Fernando, asesor  aGonzález Alcorta, Mariano J., director